[Event "Olimpiada Calviá 2004"]
[Site "Calviá ESP"]
[Date "2004.10.18"]
[Round "4.39"]
[White "Ilinsky, Vladimir"]
[Black "Davila, Carlos"]
[Result "1-0"]
[WhiteElo "2331"]
[BlackElo "2339"]
[PlyCount "75"]
[EventDate "2004.10.15"]
[EventType "team"]
[EventRounds "14"]
[EventCountry "ESP"]
[Source "lmi"]
[SourceDate "2004.10.27"]

1. Nf3 d5 2. d4 Nf6 3. c4 c6 4. Nc3 a6 5. c5 Nbd7 6. Bf4 Nh5 7. e3 Nxf4 8. exf4
g6 9. Bd3 Bg7 10. O-O Nf6 11. Qd2 Bf5 12. Rfe1 O-O 13. Ne5 Bxd3 14. Qxd3 Qc7
15. f5 Rfe8 16. Re2 e6 17. fxg6 hxg6 18. Rf1 Nd7 19. f4 b5 20. g4 Nxe5 21. fxe5
Qe7 22. Ref2 Qh4 23. h3 Re7 24. Kg2 Bh6 25. Ne2 Kg7 26. Ng1 Bg5 27. Nf3 Qh6 28.
Nxg5 Qxg5 29. Qg3 Rh8 30. Rf4 a5 31. Qf2 Rf8 32. h4 Qh6 33. Rf6 Qh7 34. Kg3 Kg8
35. Qf4 Rb8 36. Qg5 Kh8 37. h5 Rg8 38. hxg6 1-0

[Event "Olimpiada Calviá 2004"]
[Site "Calviá ESP"]
[Date "2004.10.18"]
[Round "4.39"]
[White "Sirias, Danilo"]
[Black "Shukuraliev, Algis"]
[Result "1-0"]
[WhiteElo "2285"]
[BlackElo "2248"]
[PlyCount "69"]
[EventDate "2004.10.15"]
[EventType "team"]
[EventRounds "14"]
[EventCountry "ESP"]
[Source "lmi"]
[SourceDate "2004.10.27"]

1. e4 e5 2. Nf3 Nc6 3. Bc4 Bc5 4. c3 Nf6 5. d3 d6 6. O-O O-O 7. Nbd2 Bb6 8. Bb3
Bg4 9. h3 Bh5 10. Re1 d5 11. Qe2 Re8 12. Nf1 d4 13. Ng3 Bg6 14. Bg5 h6 15. Bd2
Nh5 16. Nxh5 Bxh5 17. g4 Bg6 18. Ba4 Qf6 19. Kg2 Rad8 20. c4 Bc5 21. a3 Be7 22.
b4 Qe6 23. c5 a6 24. Rab1 Bf6 25. Bb3 Qd7 26. Rg1 Kh7 27. Kh2 Qe7 28. g5 hxg5
29. Nxg5+ Bxg5 30. Rxg5 Qf6 31. Rg3 Ne7 32. Rbg1 Qc6 33. Bxf7 Bxf7 34. Rxg7+
Kh8 35. Rxf7 1-0

[Event "Olimpiada Calviá 2004"]
[Site "Calviá ESP"]
[Date "2004.10.18"]
[Round "4.39"]
[White "Turpanov, Milan"]
[Black "Puhiera, Roger"]
[Result "1-0"]
[WhiteElo "2307"]
[BlackElo "2144"]
[PlyCount "57"]
[EventDate "2004.10.15"]
[EventType "team"]
[EventRounds "14"]
[EventCountry "ESP"]
[Source "lmi"]
[SourceDate "2004.10.27"]

1. d4 d6 2. c4 g6 3. Nc3 Bg7 4. e4 Nf6 5. Nf3 O-O 6. Be2 e5 7. O-O Nc6 8. Be3
h6 9. d5 Ne7 10. Nd2 Nxe4 11. Ndxe4 f5 12. f3 fxe4 13. fxe4 Rxf1+ 14. Bxf1 Kh7
15. Rc1 Ng8 16. c5 a6 17. cxd6 cxd6 18. Na4 Qh4 19. Nb6 Bg4 20. Qe1 Qxe1 21.
Rxe1 Rf8 22. Rc1 Ne7 23. Rc7 Bf6 24. h3 Bc8 25. Nxc8 Rxc8 26. Rxb7 a5 27. Rd7
Rc2 28. Rxd6 Kg7 29. Rb6 1-0

[Event "Olimpiada Calviá 2004"]
[Site "Calviá ESP"]
[Date "2004.10.18"]
[Round "4.40"]
[White "Khamdamov, Suhrob"]
[Black "Dervishi, Erald"]
[Result "0-1"]
[WhiteElo "2150"]
[BlackElo "2502"]
[PlyCount "136"]
[EventDate "2004.10.15"]
[EventType "team"]
[EventRounds "14"]
[EventCountry "ESP"]
[Source "lmi"]
[SourceDate "2004.10.27"]

1. d4 Nf6 2. c4 e6 3. Nc3 d5 4. Bg5 Be7 5. e3 O-O 6. Nf3 Nbd7 7. Bd3 dxc4 8.
Bxc4 a6 9. a4 c5 10. O-O cxd4 11. exd4 Nb6 12. Ba2 Nbd5 13. Rc1 Nxc3 14. bxc3
b5 15. Ne5 Bb7 16. Qe2 Ne4 17. Bxe7 Qxe7 18. Bb1 Nd6 19. axb5 axb5 20. Rfe1
Rfc8 21. Bd3 Ra5 22. Qh5 h6 23. Re3 Qg5 24. Qxg5 hxg5 25. Nd7 b4 26. Nc5 bxc3
27. Bf1 Bd5 28. Rexc3 Nf5 29. Nd7 Rxc3 30. Rxc3 Nxd4 31. f3 g6 32. Rc7 Bc6 33.
Nb6 Bb5 34. Bxb5 Rxb5 35. Nd7 Kg7 36. Nc5 Rb1+ 37. Kf2 Rb2+ 38. Kf1 Ra2 39. Ne4
Nf5 40. Nxg5 Ne3+ 41. Ke1 Nxg2+ 42. Kd1 Kf6 43. h4 Ke5 44. Rxf7 Ne3+ 45. Ke1
Nf5 46. Rb7 Nxh4 47. Rb4 Ng2+ 48. Kd1 Ne3+ 49. Kc1 Kf5 50. Nxe6 Rc2+ 51. Kb1
Kxe6 52. Re4+ Kf5 53. Rxe3 Rf2 54. Kc1 g5 55. Kd1 Kf4 56. Re8 Kxf3 57. Ke1 Ra2
58. Rf8+ Kg3 59. Kf1 g4 60. Rf7 Ra1+ 61. Ke2 Kg2 62. Rf2+ Kg1 63. Rf8 g3 64.
Rc8 g2 65. Rg8 Ra2+ 66. Ke1 Ra3 67. Ke2 Kh2 68. Kf2 g1=Q+ 0-1

[Event "Olimpiada Calviá 2004"]
[Site "Calviá ESP"]
[Date "2004.10.18"]
[Round "4.40"]
[White "Mehmeti, Dritan"]
[Black "Ziyaev, Negmat"]
[Result "0-1"]
[WhiteElo "2346"]
[BlackElo "2295"]
[PlyCount "122"]
[EventDate "2004.10.15"]
[EventType "team"]
[EventRounds "14"]
[EventCountry "ESP"]
[Source "lmi"]
[SourceDate "2004.10.27"]

1. d4 d5 2. Bg5 c5 3. dxc5 Qa5+ 4. Qd2 Qxc5 5. Nc3 e6 6. e4 d4 7. Nd1 h6 8. Bh4
Nc6 9. Bd3 e5 10. Ne2 Be7 11. Bg3 Nf6 12. O-O O-O 13. a3 Qb6 14. f4 Nh5 15. Bf2
exf4 16. c3 dxc3 17. Ndxc3 Qa5 18. Nxf4 Bg5 19. Be3 Nxf4 20. Bxf4 Bxf4 21. Qxf4
Be6 22. Rad1 Qe5 23. Nd5 Qxb2 24. Rf3 Qe5 25. Ne7+ Kh8 26. Nxc6 Qxf4 27. Rxf4
bxc6 28. Rc1 Rfd8 29. Bc4 Rac8 30. Bxe6 fxe6 31. Rf7 Rd4 32. Rxa7 Rxe4 33. Ra5
Re2 34. Rac5 Rb8 35. R5c2 Rxc2 36. Rxc2 Rb6 37. a4 Ra6 38. Ra2 Ra5 39. Kf2 Kg8
40. Ke3 Kf7 41. Kd4 Ke7 42. Kc4 c5 43. Ra3 Kd6 44. Ra2 e5 45. Rd2+ Ke6 46. Ra2
e4 47. Ra3 Ke5 48. g3 g5 49. Ra2 h5 50. Ra3 h4 51. Ra2 hxg3 52. hxg3 Kf5 53.
Kd5 e3 54. Re2 Rxa4 55. Rxe3 Rd4+ 56. Kxc5 Rd8 57. Kc4 Kg4 58. Kc3 Kh3 59. g4+
Kxg4 60. Re1 Kf3 61. Rf1+ Kg2 0-1

[Event "Olimpiada Calviá 2004"]
[Site "Calviá ESP"]
[Date "2004.10.18"]
[Round "4.41"]
[White "Aderito, Pedro"]
[Black "Del Rio Angelis, Salvador G"]
[Result "1/2-1/2"]
[WhiteElo "2262"]
[BlackElo "2491"]
[PlyCount "101"]
[EventDate "2004.10.15"]
[EventType "team"]
[EventRounds "14"]
[EventCountry "ESP"]
[Source "lmi"]
[SourceDate "2004.10.27"]

1. Nf3 d5 2. d4 Nf6 3. c4 c6 4. Nc3 dxc4 5. g3 e6 6. Bg2 b5 7. a4 b4 8. Nb1 Bb7
9. Ne5 Qc8 10. O-O c5 11. Bxb7 Qxb7 12. dxc5 Qd5 13. Qxd5 exd5 14. e4 Nxe4 15.
Rd1 Nxc5 16. Be3 Nb3 17. Ra2 f6 18. Nf3 Nc6 19. Rxd5 Rd8 20. Rxd8+ Kxd8 21.
Nbd2 Nca5 22. Nxb3 Nxb3 23. Bxa7 Kc7 24. Be3 Bc5 25. Bxc5 Nxc5 26. Nd2 Ra8 27.
a5 Kc6 28. Nxc4 Ra6 29. Kf1 Kb5 30. Nd2 b3 31. Ra3 Rxa5 32. Rxa5+ Kxa5 33. Nc4+
Kb4 34. Ne3 Na4 35. Nd1 Kc4 36. Ke2 Kd4 37. Kd2 h5 38. f3 g5 39. Ke2 f5 40. h3
f4 41. gxf4 gxf4 42. h4 Nb6 43. Nf2 Nc4 44. Nd3 Kd5 45. Nxf4+ Ke5 46. Nd3+ Kd4
47. Nc1 Nxb2 48. Nxb3+ Ke5 49. Kf2 Kf4 50. Nc1 Nd1+ 51. Kg2 1/2-1/2

[Event "Olimpiada Calviá 2004"]
[Site "Calviá ESP"]
[Date "2004.10.18"]
[Round "4.41"]
[White "Ducros Salva, Antonio"]
[Black "Domingos, Catarino"]
[Result "1/2-1/2"]
[WhiteElo "2204"]
[BlackElo "2227"]
[PlyCount "52"]
[EventDate "2004.10.15"]
[EventType "team"]
[EventRounds "14"]
[EventCountry "ESP"]
[Source "lmi"]
[SourceDate "2004.10.27"]

1. c4 Nf6 2. g3 e6 3. Bg2 d5 4. Nf3 Be7 5. O-O O-O 6. Qc2 d4 7. d3 c5 8. e4 Nc6
9. e5 Nd7 10. Qe2 Re8 11. h4 f6 12. Bf4 fxe5 13. Nxe5 Ndxe5 14. Bxe5 Bd6 15.
Bxc6 bxc6 16. Nd2 Rf8 17. f4 Qe7 18. Rae1 Rf5 19. Nf3 Bd7 20. Qe4 Raf8 21. Kg2
h6 22. b3 a5 23. Re2 Bc8 24. Rff2 Qc7 25. Kg1 Bd7 26. Kg2 Bc8 1/2-1/2

[Event "Olimpiada Calviá 2004"]
[Site "Calviá ESP"]
[Date "2004.10.18"]
[Round "4.42"]
[White "Cordova, Emilio"]
[Black "Bachmann, Axel"]
[Result "0-1"]
[WhiteElo "2347"]
[BlackElo "2282"]
[PlyCount "110"]
[EventDate "2004.10.15"]
[EventType "team"]
[EventRounds "14"]
[EventCountry "ESP"]
[Source "lmi"]
[SourceDate "2004.10.27"]

1. d4 d5 2. Nf3 Nf6 3. c4 dxc4 4. Nc3 e6 5. Bg5 Be7 6. e4 a6 7. a4 b6 8. Bxc4
Bb7 9. Qc2 Nc6 10. Rd1 Nb4 11. Qe2 O-O 12. O-O Ne8 13. Bc1 Nd6 14. Bb3 a5 15.
Rfe1 Ba6 16. Qe3 Bc4 17. Bxc4 Nxc4 18. Qe2 Nd6 19. Bf4 Re8 20. d5 exd5 21. Nxd5
Bf8 22. Nxb4 axb4 23. e5 Qc8 24. Qc2 Nf5 25. Ng5 h6 26. Nxf7 Qe6 27. Qxc7 Rac8
28. Qb7 Qxf7 29. Qxb6 Bc5 30. Qa6 Nd4 31. Bg3 Ne6 32. Qb5 Rf8 33. Qe2 b3 34.
Rf1 Bd4 35. Qb5 Rb8 36. Qe2 Qf5 37. Qc4 Rfc8 38. Qd5 Bxb2 39. Rb1 Rc5 40. Qd6
Bxe5 41. Bxe5 Qxe5 42. Qd1 b2 43. Re1 Qd4 44. Qf3 Qc3 45. Qe4 Nd4 46. h3 Nc2
47. Qe6+ Kh8 48. Qd6 Rcc8 49. Re6 Kh7 50. Qe7 Na3 51. Rxh6+ Kxh6 52. Qh4+ Kg6
53. Qe4+ Kf7 54. Qd5+ Ke7 55. Rd1 Qf6 0-1

[Event "Olimpiada Calviá 2004"]
[Site "Calviá ESP"]
[Date "2004.10.18"]
[Round "4.42"]
[White "Garcia, Jhoel"]
[Black "Ojeda, Javier"]
[Result "1-0"]
[WhiteElo "2201"]
[BlackElo "2206"]
[PlyCount "101"]
[EventDate "2004.10.15"]
[EventType "team"]
[EventRounds "14"]
[EventCountry "ESP"]
[Source "lmi"]
[SourceDate "2004.10.27"]

1. d4 d5 2. c4 c6 3. Nf3 Nf6 4. cxd5 cxd5 5. Nc3 Nc6 6. Bf4 Qb6 7. Qb3 Qxb3 8.
axb3 Bf5 9. e3 e6 10. Bb5 Nd7 11. Ke2 Be7 12. Ra2 O-O 13. Bxc6 bxc6 14. Rha1
Nf6 15. Rxa7 Rxa7 16. Rxa7 Re8 17. Ne5 Nh5 18. Nxc6 Nxf4+ 19. exf4 Bd6 20. g3
Rc8 21. Ra6 Bf8 22. b4 Bc2 23. b5 Bb3 24. Na5 Bc4+ 25. Nxc4 Rxc4 26. Ra4 Rc8
27. b6 Rb8 28. Ra6 Be7 29. Ra7 Rxb6 30. Rxe7 Kf8 31. Ra7 Rxb2+ 32. Ke3 Rb3 33.
Kd3 Rb2 34. Ra2 Rb3 35. f5 Ke7 36. fxe6 fxe6 37. f4 Kf6 38. Re2 h6 39. Re5 g6
40. Kc2 Rb8 41. g4 Rc8 42. h4 Ra8 43. f5 gxf5 44. gxf5 exf5 45. Nxd5+ Kg6 46.
Nf4+ Kf6 47. Re6+ Kg7 48. h5 Ra4 49. Kd3 Ra3+ 50. Kc4 Rf3 51. Nd5 1-0

[Event "Olimpiada Calviá 2004"]
[Site "Calviá ESP"]
[Date "2004.10.18"]
[Round "4.43"]
[White "Kyriakidis, Thrasos"]
[Black "Ker, Anthony F"]
[Result "0-1"]
[WhiteElo "2157"]
[BlackElo "2328"]
[PlyCount "64"]
[EventDate "2004.10.15"]
[EventType "team"]
[EventRounds "14"]
[EventCountry "ESP"]
[Source "lmi"]
[SourceDate "2004.10.27"]

1. e4 d6 2. d4 Nf6 3. Nc3 g6 4. g3 Bg7 5. Bg2 O-O 6. Nge2 Nbd7 7. O-O c5 8. h3
Rb8 9. a4 b6 10. Be3 cxd4 11. Nxd4 Bb7 12. f4 a6 13. g4 Nc5 14. e5 dxe5 15.
fxe5 Nd5 16. Bxd5 Bxd5 17. Nf5 Bc4 18. Qxd8 Rbxd8 19. Nxe7+ Kh8 20. Rfe1 Rfe8
21. Bg5 Rd7 22. Nc6 Re6 23. Nd8 Rxe5 24. Rxe5 Bxe5 25. Nc6 Bg7 26. Re1 h6 27.
Bf4 Be6 28. Be5 Rd2 29. Bxg7+ Kxg7 30. Ne4 Nxe4 31. Rxe4 Bd5 32. Rd4 Rg2+ 0-1

[Event "Olimpiada Calviá 2004"]
[Site "Calviá ESP"]
[Date "2004.10.18"]
[Round "4.43"]
[White "Nokes, Roger I"]
[Black "Theocharides, Constantinos"]
[Result "1/2-1/2"]
[WhiteElo "2333"]
[BlackElo "2115"]
[PlyCount "44"]
[EventDate "2004.10.15"]
[EventType "team"]
[EventRounds "14"]
[EventCountry "ESP"]
[Source "lmi"]
[SourceDate "2004.10.27"]

1. e4 c5 2. Nf3 d6 3. d4 cxd4 4. Nxd4 Nf6 5. Nc3 g6 6. g3 Nc6 7. Nde2 Bg7 8.
Bg2 O-O 9. O-O Bd7 10. h3 a6 11. a4 Rc8 12. Ra2 Nb4 13. Ra3 Bc6 14. Nf4 e6 15.
Be3 a5 16. Qd2 Qc7 17. Rd1 Rfd8 18. Qe2 h6 19. Bd2 Nd7 20. Nfd5 exd5 21. exd5
Nb6 22. dxc6 bxc6 1/2-1/2

[Event "Olimpiada Calviá 2004"]
[Site "Calviá ESP"]
[Date "2004.10.18"]
[Round "4.43"]
[White "Klerides, Paris"]
[Black "Smith, Robert W"]
[Result "1-0"]
[WhiteElo "2234"]
[BlackElo "2251"]
[PlyCount "67"]
[EventDate "2004.10.15"]
[EventType "team"]
[EventRounds "14"]
[EventCountry "ESP"]
[Source "lmi"]
[SourceDate "2004.10.27"]

1. e4 d6 2. d4 Nf6 3. Nc3 g6 4. f4 Bg7 5. Nf3 O-O 6. Be3 b6 7. Qd2 Bb7 8. Bd3
c5 9. d5 Nbd7 10. Rd1 a6 11. a4 Qc7 12. Bc4 Ng4 13. Bg1 b5 14. axb5 Qa5 15.
bxa6 Bxa6 16. Bxa6 Rxa6 17. h3 Bxc3 18. bxc3 Ngf6 19. Qd3 e6 20. dxe6 fxe6 21.
Be3 d5 22. exd5 exd5 23. O-O Rd6 24. Ne5 Qc7 25. Nxd7 Rxd7 26. f5 Kg7 27. fxg6
hxg6 28. Bf4 Qa7 29. Be5 c4+ 30. Qd4 Qxd4+ 31. Rxd4 g5 32. h4 Kg6 33. h5+ Kg7
34. Rg4 1-0

[Event "Olimpiada Calviá 2004"]
[Site "Calviá ESP"]
[Date "2004.10.18"]
[Round "4.43"]
[White "Wang, Puchen"]
[Black "Antoniou, Antonis"]
[Result "1-0"]
[WhiteElo "2236"]
[BlackElo "2211"]
[PlyCount "67"]
[EventDate "2004.10.15"]
[EventType "team"]
[EventRounds "14"]
[EventCountry "ESP"]
[Source "lmi"]
[SourceDate "2004.10.27"]

1. d4 d5 2. Nf3 Nf6 3. e3 Bf5 4. c4 c6 5. Qb3 Qc7 6. Nc3 e6 7. Nh4 Bg6 8. Nxg6
hxg6 9. g3 Bd6 10. Bg2 Nbd7 11. Bd2 Rc8 12. Rc1 Qb8 13. c5 Bc7 14. Qd1 e5 15.
b4 Nf8 16. b5 Ne6 17. Qa4 O-O 18. Rb1 Qa8 19. O-O Nd7 20. bxc6 bxc6 21. Nxd5
cxd5 22. Qxd7 Rfd8 23. Qa4 Bb8 24. Ba5 Bc7 25. Rfd1 Bxa5 26. Qxa5 Qc6 27. Qb5
g5 28. Bh3 g6 29. Qxc6 Rxc6 30. Bxe6 Rxe6 31. Rb7 Ra6 32. Rc1 exd4 33. exd4
Rxa2 34. c6 1-0

[Event "Olimpiada Calviá 2004"]
[Site "Calviá ESP"]
[Date "2004.10.18"]
[Round "4.44"]
[White "Mueller, Leonhard"]
[Black "Mateo, Ramon"]
[Result "0-1"]
[WhiteElo "2213"]
[BlackElo "2453"]
[PlyCount "94"]
[EventDate "2004.10.15"]
[EventType "team"]
[EventRounds "14"]
[EventCountry "ESP"]
[Source "lmi"]
[SourceDate "2004.10.27"]

1. d4 Nf6 2. c4 e6 3. Nc3 Bb4 4. Qc2 c5 5. dxc5 Qc7 6. a3 Bxc5 7. b4 Be7 8. Nb5
Qc6 9. Nf3 d6 10. Nfd4 Qd7 11. e4 a6 12. Nc3 O-O 13. Be2 b6 14. Be3 Bb7 15. O-O
Rc8 16. Rac1 Qe8 17. f4 Nbd7 18. Nb3 Rab8 19. Bd3 Ng4 20. Bd2 g6 21. Qd1 Ngf6
22. Qe2 Bf8 23. Kh1 Bg7 24. a4 Ba8 25. Rb1 Nh5 26. a5 b5 27. Rfc1 bxc4 28. Bxc4
Rxb4 29. Bxa6 Rcb8 30. Qd1 Nc5 31. Nxc5 dxc5 32. Bd3 Qf8 33. Rxb4 cxb4 34. Ne2
Qd8 35. Bb1 Qxa5 36. Qb3 Qa3 37. Qc4 Qb2 38. Qc7 Re8 39. Qd7 Nf6 40. Qd6 Bf8
41. Qd4 Qxd4 42. Nxd4 Nxe4 43. Bxe4 Bxe4 44. Rc4 Ra8 45. h3 Bd5 46. Rc1 Ra2 47.
Nc2 b3 0-1

[Event "Olimpiada Calviá 2004"]
[Site "Calviá ESP"]
[Date "2004.10.18"]
[Round "4.44"]
[White "Alvarado, Nelson"]
[Black "Nakapunda, Otto"]
[Result "1-0"]
[WhiteElo "2290"]
[BlackElo "2129"]
[PlyCount "127"]
[EventDate "2004.10.15"]
[EventType "team"]
[EventRounds "14"]
[EventCountry "ESP"]
[Source "lmi"]
[SourceDate "2004.10.27"]

1. e4 c6 2. d3 d5 3. Nd2 e5 4. Ngf3 Bd6 5. Be2 Nf6 6. O-O O-O 7. c3 Re8 8. Qc2
Qc7 9. Re1 b6 10. Nf1 Nbd7 11. Bg5 Bb7 12. Ng3 h6 13. Bd2 Rad8 14. Bf1 Qc8 15.
Rad1 Qa8 16. Bc1 Bc7 17. Nh4 c5 18. Nhf5 Nf8 19. Bxh6 Ne6 20. exd5 Bxd5 21. Bc1
g6 22. Ne3 Bc6 23. f3 Kg7 24. a4 Rh8 25. Nc4 Qb8 26. Ne4 Nd5 27. h3 Ndf4 28.
Nf2 Rh5 29. g3 Bxf3 30. gxf4 Bxd1 31. Qxd1 exf4 32. Bg2 Rdh8 33. Kf1 Ng5 34.
Qg4 Ne6 35. Qf3 Ng5 36. Qc6 f3 37. Bxf3 Nxf3 38. Qxf3 Bg3 39. Be3 Bxf2 40. Bxf2
Rxh3 41. Qd5 Rh1+ 42. Ke2 Rxe1+ 43. Kxe1 Rh5 44. Qd6 Qxd6 45. Nxd6 Rh1+ 46. Kd2
Ra1 47. d4 cxd4 48. Bxd4+ Kf8 49. b3 f5 50. c4 Rh1 51. c5 Rh2+ 52. Kd3 Rh3+ 53.
Kc4 bxc5 54. Bxc5 f4 55. Ne4+ Kg7 56. Bxa7 Rh1 57. a5 Re1 58. Kd5 Rb1 59. Kc4
Kf7 60. Bd4 Rc1+ 61. Kd5 Rb1 62. Nc5 Rd1 63. a6 f3 64. Ne4 1-0

[Event "Olimpiada Calviá 2004"]
[Site "Calviá ESP"]
[Date "2004.10.18"]
[Round "4.44"]
[White "Kirsten, Jorrit"]
[Black "Puntier, William"]
[Result "0-1"]
[WhiteElo "2200"]
[BlackElo "2255"]
[PlyCount "58"]
[EventDate "2004.10.15"]
[EventType "team"]
[EventRounds "14"]
[EventCountry "ESP"]
[Source "lmi"]
[SourceDate "2004.10.27"]

1. e4 e5 2. Bc4 Nf6 3. d3 Nc6 4. Nf3 d6 5. a3 Be7 6. h3 O-O 7. O-O Be6 8. Nc3
Bxc4 9. dxc4 Re8 10. Be3 Nd7 11. Qe2 Nf8 12. Rad1 Qc8 13. Nh2 Ne6 14. Nd5 Bf8
15. c3 Nb8 16. Bc1 Nd7 17. Ng4 h5 18. Nh2 c6 19. Ne3 g6 20. g4 Nf6 21. Ng2 Qc7
22. f4 exf4 23. Nxf4 Nc5 24. gxh5 Ncxe4 25. Qg2 d5 26. cxd5 Nxd5 27. hxg6 Bc5+
28. Kh1 fxg6 29. Nxd5 Ng3+ 0-1

[Event "Olimpiada Calviá 2004"]
[Site "Calviá ESP"]
[Date "2004.10.18"]
[Round "4.45"]
[White "Juarez Flores, Carlos A"]
[Black "Hawes, Jonathan"]
[Result "1-0"]
[WhiteElo "2391"]
[BlackElo "2151"]
[PlyCount "43"]
[EventDate "2004.10.15"]
[EventType "team"]
[EventRounds "14"]
[EventCountry "ESP"]
[Source "lmi"]
[SourceDate "2004.10.27"]

1. e4 e6 2. d4 d5 3. Nc3 Bb4 4. e5 Qd7 5. a3 Bf8 6. b4 b6 7. Nf3 c6 8. Rb1 Ba6
9. b5 Bb7 10. Bd3 cxb5 11. Nxb5 a6 12. Nc3 b5 13. O-O Nc6 14. Re1 Nge7 15. Ne2
Ng6 16. h4 Be7 17. h5 Nh4 18. Nxh4 Bxh4 19. c3 Na5 20. Nf4 Rc8 21. Qg4 g5 22.
Ne2 1-0

[Event "Olimpiada Calviá 2004"]
[Site "Calviá ESP"]
[Date "2004.10.18"]
[Round "4.45"]
[White "Fulton, Anthony"]
[Black "Reyes Najera, Carlos A"]
[Result "0-1"]
[WhiteElo "2203"]
[BlackElo "2186"]
[PlyCount "76"]
[EventDate "2004.10.15"]
[EventType "team"]
[EventRounds "14"]
[EventCountry "ESP"]
[Source "lmi"]
[SourceDate "2004.10.27"]

1. e4 c5 2. Nf3 d6 3. d4 cxd4 4. Qxd4 Nf6 5. Bg5 Nc6 6. Bb5 Bd7 7. Bxc6 bxc6 8.
O-O Qb6 9. Qxb6 axb6 10. Nc3 h6 11. Be3 b5 12. e5 Ng4 13. Bf4 Nxe5 14. Nxe5
dxe5 15. Bxe5 g6 16. Bc7 e5 17. Rfd1 Bf5 18. Rd2 Bb4 19. Bd6 O-O-O 20. Rad1
Bxd6 21. Rxd6 Rxd6 22. Rxd6 Kc7 23. Rd1 b4 24. Ne2 Bxc2 25. Rc1 Bd3 26. Kf1 Ra8
27. a3 bxa3 28. bxa3 Rxa3 29. Ke1 Ra2 30. Nc3 Rb2 31. g3 f5 32. h4 g5 33. hxg5
hxg5 34. f4 exf4 35. gxf4 g4 36. Rd1 Bc4 37. Rd4 g3 38. Rxc4 g2 0-1

[Event "Olimpiada Calviá 2004"]
[Site "Calviá ESP"]
[Date "2004.10.18"]
[Round "4.45"]
[White "Simmons, Matthew"]
[Black "Juarez Flores, Guillermo J"]
[Result "0-1"]
[WhiteElo "2065"]
[BlackElo "2221"]
[PlyCount "110"]
[EventDate "2004.10.15"]
[EventType "team"]
[EventRounds "14"]
[EventCountry "ESP"]
[Source "lmi"]
[SourceDate "2004.10.27"]

1. e4 e5 2. Nf3 Nc6 3. Bc4 Nf6 4. d3 Bc5 5. c3 d6 6. Bb3 O-O 7. Nbd2 Ne7 8. h3
Ng6 9. d4 Bb6 10. Bc2 Nf4 11. g3 Nxh3 12. Nc4 Bg4 13. Nxb6 axb6 14. dxe5 Nd7
15. Qd3 dxe5 16. Kf1 h6 17. Kg2 Ng5 18. Nxg5 hxg5 19. f3 Be6 20. Rh5 f6 21. Be3
Nc5 22. Qf1 Kf7 23. b4 Nd7 24. a4 Rh8 25. Qh1 Qg8 26. Rd1 g6 27. Rh2 Rxh2+ 28.
Qxh2 Qh8 29. Qxh8 Rxh8 30. g4 Ke7 31. Kg3 Bc4 32. Kg2 Nf8 33. Ra1 Ne6 34. Rd1
Nf4+ 35. Bxf4 gxf4 36. Rd2 Rd8 37. Rf2 b5 38. a5 Be6 39. Kf1 Rh8 40. Kg2 Bc8
41. Rd2 Rd8 42. Rf2 f5 43. gxf5 gxf5 44. exf5 Kf6 45. Be4 c6 46. a6 Bxf5 47.
axb7 Bxe4 48. fxe4 Rb8 49. Ra2 Rxb7 50. Ra6 Rc7 51. Rb6 Kg5 52. Kf3 Kf6 53. Ra6
Ke6 54. Ra8 Rg7 55. Ra6 Rg3+ 0-1

[Event "Olimpiada Calviá 2004"]
[Site "Calviá ESP"]
[Date "2004.10.18"]
[Round "4.46"]
[White "Hamdouchi, Hichem"]
[Black "Njobvu, Ignatius"]
[Result "1/2-1/2"]
[WhiteElo "2575"]
[BlackElo "2201"]
[PlyCount "126"]
[EventDate "2004.10.15"]
[EventType "team"]
[EventRounds "14"]
[EventCountry "ESP"]
[Source "lmi"]
[SourceDate "2004.10.27"]

1. e4 Nf6 2. e5 Nd5 3. d4 d6 4. Nf3 Bg4 5. Be2 e6 6. c4 Nb6 7. exd6 cxd6 8. h3
Bh5 9. Nc3 Be7 10. Be3 N8d7 11. Qb3 Rc8 12. g4 Bg6 13. a4 Rb8 14. a5 Nc8 15. h4
h6 16. h5 Bh7 17. Rg1 b6 18. a6 Kf8 19. Qb5 Nf6 20. g5 hxg5 21. Qxg5 Ne8 22.
Qf4 Bf6 23. Ng5 Bxg5 24. Rxg5 Qf6 25. Qg3 Ne7 26. Qg2 Nf5 27. Nb5 Qe7 28. Ra3
Rd8 29. Bd2 Kg8 30. Qb7 Rd7 31. Qa8 Kf8 32. d5 exd5 33. Qxd5 Qe6 34. Rf3 Qxd5
35. cxd5 Ne7 36. Bc3 Be4 37. Re3 f6 38. Bg4 Rd8 39. Rxe4 fxg5 40. Nxa7 Nxd5 41.
Nc8 Nec7 42. a7 Nxc3 43. bxc3 Na8 44. Rb4 Kf7 45. Nxb6 Nxb6 46. Rxb6 Rhe8+ 47.
Kd2 Ra8 48. Rb7+ Re7 49. Bd7 Kf6 50. Kd3 Re5 51. Bc6 Ra5 52. Rd7 R8xa7 53.
Rxd6+ Kf5 54. Rd4 Rc7 55. Bd7+ Ke5 56. Re4+ Kd6 57. Bg4 Ra3 58. Re6+ Kd5 59.
Rg6 Raxc3+ 60. Ke2 Ke4 61. Rxg5 Kf4 62. Rg6 R7c6 63. Rxc6 Rxc6 1/2-1/2

[Event "Olimpiada Calviá 2004"]
[Site "Calviá ESP"]
[Date "2004.10.18"]
[Round "4.46"]
[White "Pitlagano, Tebogo"]
[Black "Tissir, Mohamed"]
[Result "0-1"]
[WhiteElo "2128"]
[BlackElo "2394"]
[PlyCount "94"]
[EventDate "2004.10.15"]
[EventType "team"]
[EventRounds "14"]
[EventCountry "ESP"]
[Source "lmi"]
[SourceDate "2004.10.27"]

1. e4 c5 2. Nf3 d6 3. c3 Nf6 4. Be2 g6 5. O-O Bg7 6. d3 O-O 7. Nbd2 e5 8. d4
cxd4 9. cxd4 exd4 10. Nxd4 Re8 11. Bf3 Nbd7 12. Ne2 Ne5 13. Nc3 a6 14. Be2 b5
15. a3 Bb7 16. f3 d5 17. exd5 Nxd5 18. Nxd5 Bxd5 19. f4 Nc6 20. Nf3 Qb6+ 21.
Kh1 Rad8 22. Qc2 Be4 23. Qb3 Na5 24. Qb4 Ba8 25. Ne5 Nc6 26. Qb3 Nxe5 27. fxe5
Bd5 28. Qc2 Rxe5 29. Bf3 Bxf3 30. gxf3 Qd4 31. a4 b4 32. Qc7 Re2 33. Bg5 Rde8
34. Rad1 Qxb2 35. Rd8 h6 36. Bf4 b3 37. Qc8 Rxd8 38. Qxd8+ Kh7 39. Qd5 Qc3 40.
Qxf7 Re1 41. Rxe1 Qxe1+ 42. Kg2 b2 43. Bxh6 Qe2+ 44. Kg3 Kxh6 45. Qf4+ g5 46.
Qd6+ Kh5 47. Qd7 Be5+ 0-1

[Event "Olimpiada Calviá 2004"]
[Site "Calviá ESP"]
[Date "2004.10.18"]
[Round "4.46"]
[White "Hosiah, Olebogeng"]
[Black "Karim, Ismael"]
[Result "1-0"]
[WhiteElo "2124"]
[BlackElo "2228"]
[PlyCount "106"]
[EventDate "2004.10.15"]
[EventType "team"]
[EventRounds "14"]
[EventCountry "ESP"]
[Source "lmi"]
[SourceDate "2004.10.27"]

1. e4 c5 2. Nf3 e6 3. d4 cxd4 4. Nxd4 a6 5. Nc3 Qc7 6. Be3 Nf6 7. a3 Nc6 8. Be2
b5 9. O-O Bb7 10. f4 d6 11. Qd2 Be7 12. f5 Nxd4 13. Qxd4 O-O 14. Rad1 Rad8 15.
Kh1 Nd7 16. fxe6 fxe6 17. Bg4 Nc5 18. Qd2 Nxe4 19. Bxe6+ Kh8 20. Nxe4 Bxe4 21.
c3 Qc6 22. Bd4 Qe8 23. Bxg7+ Kxg7 24. Qd4+ Bf6 25. Qxe4 Be5 26. Qg4+ Kh8 27.
Bd5 Qg6 28. Qxg6 hxg6 29. Bb7 a5 30. g3 Rxf1+ 31. Rxf1 Rb8 32. Rf7 Kg8 33. Bd5
Kh8 34. Rb7 Rxb7 35. Bxb7 Kg7 36. Kg2 b4 37. axb4 axb4 38. cxb4 Bxb2 39. Kf3
Kf6 40. Ke4 Ke6 41. b5 Ba3 42. Bc8+ Ke7 43. Kd5 Kd8 44. Be6 Kc7 45. h4 Bc5 46.
Bf7 Bf2 47. Bxg6 Bxg3 48. h5 Bf4 49. Bd3 Kd7 50. Ke4 Be5 51. Kf5 Ke7 52. h6 Bd4
53. Ke4 Bc5 1-0

[Event "Olimpiada Calviá 2004"]
[Site "Calviá ESP"]
[Date "2004.10.18"]
[Round "4.47"]
[White "Santa Torres, Juan"]
[Black "Moussa, Alaa-Eddine"]
[Result "1/2-1/2"]
[WhiteElo "2229"]
[BlackElo "2188"]
[PlyCount "52"]
[EventDate "2004.10.15"]
[EventType "team"]
[EventRounds "14"]
[EventCountry "ESP"]
[Source "lmi"]
[SourceDate "2004.10.27"]

1. d4 Nf6 2. c4 e6 3. Nf3 b6 4. a3 Bb7 5. Nc3 d5 6. cxd5 Nxd5 7. Bd2 Nd7 8. Qc2
N7f6 9. Ne5 Nxc3 10. Bxc3 a6 11. e3 Bd6 12. Qa4+ c6 13. Bb4 O-O 14. Bxd6 Qxd6
15. Nc4 Qd8 16. Qb4 Nd5 17. Qd6 Qh4 18. Qg3 Qd8 19. Nd6 Qd7 20. Bd3 Rfd8 21.
Nc4 c5 22. O-O b5 23. Ne5 Qe7 24. dxc5 Qxc5 25. Rac1 Qe7 26. Rfd1 Rac8 1/2-1/2